<?xml version="1.0" encoding="UTF-8"?>
<record
    xmlns:xsi="http://www.w3.org/2001/XMLSchema-instance"
    xsi:schemaLocation="http://www.loc.gov/MARC21/slim http://www.loc.gov/standards/marcxml/schema/MARC21slim.xsd"
    xmlns="http://www.loc.gov/MARC21/slim">

  <leader>01562nam a22002531i 4500</leader>
  <controlfield tag="001">6399</controlfield>
  <controlfield tag="003">KOSZ 005</controlfield>
  <controlfield tag="005">20190610114326.0</controlfield>
  <controlfield tag="008">140617s2012    pl a   f     |000 0 pol d</controlfield>
  <datafield tag="040" ind1=" " ind2=" ">
    <subfield code="c">KOSZ 005</subfield>
    <subfield code="a">KOSZ 005</subfield>
    <subfield code="d">KOSZ 005/ac</subfield>
  </datafield>
  <datafield tag="080" ind1=" " ind2=" ">
    <subfield code="a">621.9</subfield>
  </datafield>
  <datafield tag="100" ind1=" " ind2=" ">
    <subfield code="a">ZAWADA-TOMKIEWICZ, Anna.</subfield>
    <subfield code="d">1996 - .</subfield>
    <subfield code="b">Politechnika Koszali&#x144;ska - Wydzia&#x142; Mechaniczny,</subfield>
    <subfield code="c">Katedra In&#x17C;ynierii Produkcji - Zak&#x142;ad Monitorowania Proces&#xF3;w Technologicznych</subfield>
  </datafield>
  <datafield tag="245" ind1="1" ind2="0">
    <subfield code="a">Teoretyczne i do&#x15B;wiadczalne podstawy monitorowania procesu toczenia z wykorzystaniem informacji o cechach stereometrycznych obrobionej powierzchni /</subfield>
    <subfield code="c">Anna Zawada-Tomkiewicz.</subfield>
  </datafield>
  <datafield tag="260" ind1=" " ind2=" ">
    <subfield code="a">Koszalin :</subfield>
    <subfield code="b">Wydaw. Uczelniane Politechniki Koszali&#x144;skiej,</subfield>
    <subfield code="c">2012.</subfield>
  </datafield>
  <datafield tag="300" ind1=" " ind2=" ">
    <subfield code="a">206, [3] s. :</subfield>
    <subfield code="b">il. kolor.</subfield>
  </datafield>
  <datafield tag="490" ind1="1" ind2=" ">
    <subfield code="a">Monografia Wydzia&#x142;u Mechanicznego / Politechnika Koszali&#x144;ska ;</subfield>
    <subfield code="v">nr 224</subfield>
  </datafield>
  <datafield tag="500" ind1=" " ind2=" ">
    <subfield code="a">Dane z autopsji.</subfield>
  </datafield>
  <datafield tag="520" ind1=" " ind2=" ">
    <subfield code="a">Praca dotyczy opracowania podstaw teoretycznych i do&#x15B;wiadczalnych do budowy uk&#x142;ad&#xF3;w monitorowania powierzchni obrobionej (UMPO) z wykorzystaniem obrazu powierzchni. Kolejno, przeanalizowano model tworzenia powierzchni w toczeniu z uwzgl&#x119;dnieniem zmian w procesie. Zaprezentowano spos&#xF3;b pozyskania obrazu w trakcie obr&#xF3;bki, ocen&#x119; jako&#x15B;ci oraz korekt&#x119; zniekszta&#x142;ce&#x144; wynikaj&#x105;cych z niedoskona&#x142;o&#x15B;ci uk&#x142;adu akwizycji obrazu.</subfield>
  </datafield>
  <datafield tag="650" ind1=" " ind2="0">
    <subfield code="a">Przetwarzanie obraz&#xF3;w.</subfield>
  </datafield>
  <datafield tag="650" ind1=" " ind2="0">
    <subfield code="a">Skrawanie</subfield>
  </datafield>
  <datafield tag="650" ind1=" " ind2="0">
    <subfield code="a">In&#x17C;ynieria powierzchni</subfield>
  </datafield>
  <datafield tag="830" ind1=" " ind2="0">
    <subfield code="a">Monografia Wydzia&#x142;u Mechanicznego / Politechnika Koszali&#x144;ska ;</subfield>
    <subfield code="v">nr 224</subfield>
  </datafield>
  <datafield tag="942" ind1=" " ind2=" ">
    <subfield code="c">KS</subfield>
    <subfield code="2">UKD</subfield>
  </datafield>
  <datafield tag="999" ind1=" " ind2=" ">
    <subfield code="c">6399</subfield>
    <subfield code="d">6399</subfield>
  </datafield>
  <datafield tag="952" ind1=" " ind2=" ">
    <subfield code="0">0</subfield>
    <subfield code="1">0</subfield>
    <subfield code="4">0</subfield>
    <subfield code="7">0</subfield>
    <subfield code="a">BPK</subfield>
    <subfield code="b">BPK</subfield>
    <subfield code="o">101261</subfield>
    <subfield code="y">KS</subfield>
  </datafield>
</record>
